| 000 | 00857nam a2200205 a 4500 | ||
|---|---|---|---|
| 003 | 0 | ||
| 005 | 20250618093109.0 | ||
| 008 | 021114s19uu xx 00 eng d | ||
| 050 |
_aPGS LB 3609 _b.H772 1999 |
||
| 100 | _aHong, Sung Joon. | ||
| 245 |
_aDegree of practice of the SIS Institutional Culture and social adjustment among mainstream Korean students / _cSung Joon Hong. |
||
| 260 |
_aLas PiƱas City, Philippines : _bSouthville International School and Colleges, _c1999. |
||
| 300 |
_a79 pages : _bcolored illustrations ; _c28 cm. |
||
| 504 | _aIncludes bibliographical references. | ||
| 650 |
_aCultural adjustment _vStudents _zKorea (South). |
||
| 650 |
_aInternational students _vCultural assimilation _zPhilippines. |
||
| 650 |
_aSchool culture _zPhilippines. |
||
| 650 |
_aKorean students _vSocial adjustment. _zPhilippines |
||
| 942 |
_2lcc _cPASS |
||
| 999 |
_c96138 _d96138 |
||